[Event "National Capital op U1900"]
[Site "Ottawa CAN"]
[Date "2018.11.17"]
[Round "2"]
[White "Ning, Alwin"]
[Black "Laurin, Marcel"]
[Result "1/2-1/2"]
[WhiteElo "1685"]
[BlackElo "1751"]
[PlyCount "156"]
[EventDate "2018.11.16"]
[EventType "swiss"]
[EventRounds "5"]
[EventCountry "CAN"]

1. e4 c5 2. Nf3 Nc6 3. d4 cxd4 4. Nxd4 e5 5. Nb3 Nf6 6. Bd3 b6 7. O-O Bb7 8.
Nc3 h6 9. Be3 Rc8 10. a3 Be7 11. Qe2 d6 12. Ba6 Bxa6 13. Qxa6 O-O 14. Qe2 Qd7
15. h3 g5 16. Qf3 Nd8 17. Rac1 Ne6 18. Qf5 Qd8 19. Nd5 Nxd5 20. exd5 Ng7 21.
Qd3 f5 22. f3 f4 23. Bf2 Nf5 24. Kh2 Qe8 25. Nd2 h5 26. Ne4 Qf7 27. c4 Kh8 28.
Rg1 h4 29. b4 Ng3 30. Rc3 Qg6 31. Bxg3 hxg3+ 32. Kh1 Rf7 33. Rgc1 Rh7 34. Nc5
Qh5 35. Ne6 g4 36. fxg4 Qxg4 37. Qxh7+ Kxh7 38. hxg4 Kg6 39. c5 bxc5 40. bxc5
dxc5 41. Nxc5 Rh8+ 42. Kg1 Bd8 43. Nd7 e4 44. Rc8 Kg5 45. Kf1 f3 46. Kg1 Rh2
47. R1c2 f2+ 48. Rxf2 gxf2+ 49. Kxf2 Be7 50. Re8 Bxa3 51. Rxe4 Rh7 52. Ne5 Bc5+
53. Kf3 Rb7 54. Rc4 Rb3+ 55. Ke2 Re3+ 56. Kd2 Rxe5 57. Rxc5 Kxg4 58. Ra5 Kg3
59. Kd3 Kxg2 60. Kd4 Re7 61. d6 Rh7 62. Kc5 Rh5+ 63. Kc6 Rxa5 64. d7 Ra6+ 65.
Kc7 Ra1 66. d8=Q Rc1+ 67. Kb7 Rb1+ 68. Kxa7 Ra1+ 69. Kb6 Rb1+ 70. Kc5 Rc1+ 71.
Kb4 Rb1+ 72. Kc3 Rc1+ 73. Kd2 Rf1 74. Qg5+ Kf2 75. Qe3+ Kg2 76. Ke2 Rg1 77.
Qf2+ Kh1 78. Ke3 Rg3+ 1/2-1/2

[Event "National Capital op U1900"]
[Site "Ottawa CAN"]
[Date "2018.11.17"]
[Round "3"]
[White "Laurin, Marcel"]
[Black "Ramesh, Sanjay"]
[Result "0-1"]
[WhiteElo "1751"]
[BlackElo "1711"]
[PlyCount "102"]
[EventDate "2018.11.16"]
[EventType "swiss"]
[EventRounds "5"]
[EventCountry "CAN"]

1. d4 d5 2. Nf3 Nf6 3. Bf4 Bf5 4. e3 e6 5. Bd3 Bg6 6. Bxg6 hxg6 7. Nbd2 c5 8.
Ne5 Nbd7 9. Bg5 Qb6 10. O-O cxd4 11. Nxd7 Nxd7 12. exd4 Qxd4 13. c3 Qe5 14. Nf3
Qc7 15. Re1 Nb6 16. g3 Bd6 17. Nd4 O-O 18. f4 Nc4 19. b3 Na5 20. Re3 Nc6 21.
Kg2 Nxd4 22. cxd4 Rac8 23. Qf3 Qc2+ 24. Re2 Qc3 25. Qxc3 Rxc3 26. h4 f6 27.
Rxe6 Ba3 28. Rh1 fxg5 29. Rxg6 gxf4 30. gxf4 Rxf4 31. Rg1 Rc6 32. Rg5 Rxd4 33.
Kf3 Rc7 34. h5 Bf8 35. h6 Kh7 36. hxg7 Rxg7 37. Rh5+ Kg8 38. Rgh1 Kf7 39. Rf5+
Ke8 40. Rc1 Be7 41. Rc7 b6 42. Rxa7 Kd8 43. Rb7 Rh7 44. Rf8+ Bxf8 45. Rxh7 Bc5
46. Rh5 Kd7 47. Ke2 Kc6 48. a4 Bd6 49. Ke3 Rb4 50. Rh6 Rxb3+ 51. Kd2 Rb4 0-1

[Event "National Capital op U1900"]
[Site "Ottawa CAN"]
[Date "2018.11.18"]
[Round "4"]
[White "Dupont-Mageau, Nicolas"]
[Black "Laurin, Marcel"]
[Result "1-0"]
[WhiteElo "1400"]
[BlackElo "1751"]
[PlyCount "131"]
[EventDate "2018.11.16"]
[EventType "swiss"]
[EventRounds "5"]
[EventCountry "CAN"]

1. e4 d6 2. d4 g6 3. Nc3 Bg7 4. Be3 a6 5. Bc4 e6 6. Qd2 h6 7. f4 b5 8. Bb3 Bb7
9. a3 Ne7 10. Nf3 Nd7 11. O-O-O Nb6 12. d5 Nc4 13. Bxc4 bxc4 14. Bd4 Bxd4 15.
Qxd4 O-O 16. Qxc4 exd5 17. Nxd5 Bxd5 18. exd5 Nf5 19. Qc3 Re8 20. Rhe1 Rb8 21.
a4 Ne7 22. b3 Qd7 23. h3 Qf5 24. Qd2 Rb6 25. g4 Qf6 26. Qd4 Qxd4 27. Rxd4 c5
28. dxc6 Rxc6 29. Rde4 Kf8 30. Nd4 Rc7 31. f5 Rec8 32. fxg6 Nxg6 33. Rf1 Ne5
34. Ne6+ Ke7 35. Nxc7 Rxc7 36. Kd2 Ke6 37. c4 d5 38. cxd5+ Kxd5 39. Rff4 Nf3+
40. Ke2 Ng5 41. Rd4+ Ke5 42. Rc4 Re7 43. Rf5+ Kd6+ 44. Kd3 Nxh3 45. Rf6+ Ke5
46. Rf3 Rd7+ 47. Ke3 Ng5 48. Rf5+ Ke6 49. Rc6+ Ke7 50. Rxa6 Ne6 51. Rh5 Rb7 52.
Rb5 Rc7 53. Rab6 Rc3+ 54. Kd2 Rg3 55. Rb7+ Kf8 56. Rh5 Kg7 57. Rf5 Ng5 58. Rf4
Rg2+ 59. Kc1 Re2 60. a5 Re6 61. Rb6 Re5 62. a6 Ra5 63. Ra4 Rc5+ 64. Kb2 Ne6 65.
Rxe6 fxe6 66. a7 1-0

[Event "Nova Scotia Closed"]
[Site "Halifax CAN"]
[Date "2018.07.07"]
[Round "1"]
[White "Charlton, Glenn"]
[Black "Gonzalez Cueto, Jose"]
[Result "0-1"]
[WhiteElo "2050"]
[BlackElo "2059"]
[PlyCount "49"]
[EventDate "2018.07.07"]
[EventType "tourn"]
[EventRounds "5"]
[EventCountry "CAN"]

1. d4 Nf6 2. Bf4 e6 3. e3 c5 4. Nd2 cxd4 5. exd4 Be7 6. Ngf3 O-O 7. Bd3 b6 8.
Qe2 Bb7 9. O-O Nc6 10. c3 Nh5 11. Be3 f5 12. Ne5 Nf6 13. Ndf3 Rc8 14. Rad1 Nd5
15. Bc1 Bf6 16. a3 Qe7 17. c4 Nc7 18. Rfe1 Nd8 19. c5 Nd5 20. Ba6 bxc5 21. Bxb7
Nxb7 22. Qb5 Rc7 23. dxc5 Qxc5 24. Nd4 Bxe5 25. Rxe5 0-1

[Event "Nova Scotia Closed"]
[Site "Halifax CAN"]
[Date "2018.07.07"]
[Round "1"]
[White "Giacomin, Gordon"]
[Black "Felix, Chris"]
[Result "1/2-1/2"]
[WhiteElo "1943"]
[BlackElo "2047"]
[PlyCount "50"]
[EventDate "2018.07.07"]
[EventType "tourn"]
[EventRounds "5"]
[EventCountry "CAN"]

1. e4 c5 2. Nf3 d6 3. d4 cxd4 4. Nxd4 Nf6 5. Bd3 Nc6 6. Nxc6 bxc6 7. Qe2 Rb8 8.
b3 g6 9. Bb2 Bg7 10. c4 O-O 11. O-O Qb6 12. Nc3 Rd8 13. Kh1 d5 14. exd5 cxd5
15. cxd5 Nxd5 16. Nxd5 Rxd5 17. Bxg7 Kxg7 18. Bc4 Rd7 19. Rad1 Rbb7 20. Ba6
Rbc7 21. Bxc8 Rxd1 22. Rxd1 Rxc8 23. h3 Qc5 24. Kg1 Qc2 25. Qd2 Qxd2 1/2-1/2

[Event "Nova Scotia Closed"]
[Site "Halifax CAN"]
[Date "2018.07.07"]
[Round "1"]
[White "McKay, Brian"]
[Black "Abela, Paul"]
[Result "0-1"]
[WhiteElo "1936"]
[BlackElo "1876"]
[PlyCount "55"]
[EventDate "2018.07.07"]
[EventType "tourn"]
[EventRounds "5"]
[EventCountry "CAN"]

1. e4 c5 2. Nf3 d6 3. d4 cxd4 4. c3 d3 5. Bxd3 Nf6 6. O-O Nc6 7. h3 Qc7 8. Re1
e5 9. Nbd2 h6 10. Nf1 Be6 11. Ng3 O-O-O 12. a4 d5 13. Qe2 dxe4 14. Nxe4 Nd5 15.
Ng3 Bd6 16. Bf5 Rhe8 17. Bd2 Kb8 18. b4 a6 19. Be4 f5 20. Bxd5 Bxd5 21. Bxh6 e4
22. Bg5 Qf7 23. Bxd8 Nxd8 24. Qd2 Bc7 25. a5 f4 26. Ng5 Qg8 27. N3xe4 f3 28.
Nf6 0-1

[Event "Nova Scotia Closed"]
[Site "Halifax CAN"]
[Date "2018.07.08"]
[Round "2"]
[White "Abela, Paul"]
[Black "Gonzalez Cueto, Jose"]
[Result "0-1"]
[WhiteElo "1876"]
[BlackElo "2059"]
[PlyCount "80"]
[EventDate "2018.07.07"]
[EventType "tourn"]
[EventRounds "5"]
[EventCountry "CAN"]

1. e4 e5 2. Nf3 Nf6 3. Nxe5 d6 4. Nf3 Nxe4 5. Nc3 Nxc3 6. dxc3 Nc6 7. Bf4 Bg4
8. h3 Bh5 9. Qd5 Qf6 10. Bb5 O-O-O 11. Be3 Bxf3 12. gxf3 Ne5 13. f4 Ng6 14. Qd4
Qxd4 15. cxd4 d5 16. Bd3 Nh4 17. O-O-O f5 18. Rhg1 g6 19. Be2 Bg7 20. Kb1 Rhe8
21. Rd2 Re6 22. b3 Rde8 23. Bd1 Bh6 24. c4 c6 25. Rg3 Kd7 26. Bc2 Bf8 27. Kb2
b6 28. Bd3 dxc4 29. Bxc4 Rd6 30. d5 Bg7+ 31. Bd4 Bxd4+ 32. Rxd4 Kc7 33. b4 b5
34. Bb3 Re2+ 35. Ka3 Rxf2 36. Re3 cxd5 37. Bxd5 Rf3 38. Rxf3 Nxf3 39. Rd1 Ng1
40. Bb3 Rxd1 0-1

[Event "Nova Scotia Closed"]
[Site "Halifax CAN"]
[Date "2018.07.08"]
[Round "2"]
[White "Felix, Chris"]
[Black "Charlton, Glenn"]
[Result "0-1"]
[WhiteElo "2047"]
[BlackElo "2050"]
[PlyCount "50"]
[EventDate "2018.07.07"]
[EventType "tourn"]
[EventRounds "5"]
[EventCountry "CAN"]

1. e4 c5 2. Nf3 g6 3. d4 cxd4 4. Qxd4 Nf6 5. e5 Nc6 6. Qa4 Nd5 7. Qe4 Nb6 8.
Nc3 Bg7 9. Bf4 d5 10. exd6 Bf5 11. Qe3 O-O 12. O-O-O exd6 13. Rxd6 Qc8 14. Bh6
Re8 15. Qf4 Bh8 16. Bb5 a6 17. Bf1 Ne7 18. Bd3 Qc5 19. Ne4 Bxe4 20. Bxe4 Ned5
21. Bxd5 Nxd5 22. Rxd5 Qxd5 23. Rd1 Qxa2 24. Rd7 Bxb2+ 25. Kd2 Rad8 0-1

[Event "Nova Scotia Closed"]
[Site "Halifax CAN"]
[Date "2018.07.08"]
[Round "2"]
[White "McKay, Brian"]
[Black "Giacomin, Gordon"]
[Result "0-1"]
[WhiteElo "1936"]
[BlackElo "1943"]
[PlyCount "62"]
[EventDate "2018.07.07"]
[EventType "tourn"]
[EventRounds "5"]
[EventCountry "CAN"]

1. e4 c6 2. d4 d5 3. exd5 cxd5 4. f4 Nf6 5. Nf3 Nc6 6. c3 Bg4 7. Bd3 Qc7 8. O-O
e6 9. h3 Bxf3 10. Qxf3 Bd6 11. b4 O-O 12. Nd2 Ne7 13. Nb3 Rac8 14. Bd2 Qb8 15.
Rac1 g6 16. Kh1 Kg7 17. g4 h5 18. Kg2 hxg4 19. hxg4 Rh8 20. Rh1 Rxh1 21. Rxh1
Rh8 22. Nc5 Rxh1 23. Kxh1 b6 24. g5 Nh5 25. Nd7 Qe8 26. Ne5 Qa4 27. Bb1 Qa3 28.
Nd3 Nf5 29. Kh2 Nhg3 30. Ne5 Qb2 31. Qd3 Qxd2+ 0-1

[Event "Nova Scotia Closed"]
[Site "Halifax CAN"]
[Date "2018.07.08"]
[Round "3"]
[White "Charlton, Glenn"]
[Black "McKay, Brian"]
[Result "1/2-1/2"]
[WhiteElo "2050"]
[BlackElo "1936"]
[PlyCount "71"]
[EventDate "2018.07.07"]
[EventType "tourn"]
[EventRounds "5"]
[EventCountry "CAN"]

1. d4 Nf6 2. Bf4 g6 3. e3 Bg7 4. Nf3 d6 5. Be2 Nbd7 6. O-O c5 7. c3 O-O 8. h3
a6 9. a4 b6 10. Nbd2 Bb7 11. Qb3 cxd4 12. exd4 Rc8 13. Rad1 Qc7 14. Bh2 Qb8 15.
Rfe1 Qa8 16. Bf1 Rce8 17. c4 Bc6 18. d5 Nc5 19. Qxb6 Bxa4 20. b3 Nfd7 21. Qb4
Bxb3 22. Rb1 a5 23. Qa3 a4 24. Rxe7 Rxe7 25. Bxd6 Rfe8 26. Bxe7 Bf8 27. Bxf8
Rxf8 28. Nxb3 axb3 29. Rxb3 Nxb3 30. Qxb3 Nc5 31. Qe3 Qc8 32. Ne5 Re8 33. Qf4
Qb7 34. Ng4 Re1 35. Nf6+ Kg7 36. Qd4 1/2-1/2

[Event "Nova Scotia Closed"]
[Site "Halifax CAN"]
[Date "2018.07.08"]
[Round "3"]
[White "Giacomin, Gordon"]
[Black "Abela, Paul"]
[Result "1/2-1/2"]
[WhiteElo "1943"]
[BlackElo "1876"]
[PlyCount "47"]
[EventDate "2018.07.07"]
[EventType "tourn"]
[EventRounds "5"]
[EventCountry "CAN"]

1. e4 c5 2. Nf3 d6 3. d4 cxd4 4. Nxd4 Nf6 5. Nc3 a6 6. Be2 e5 7. Nb3 Be7 8. O-O
O-O 9. Be3 Be6 10. Qd2 Nbd7 11. Rfd1 Nb6 12. Bg5 Rc8 13. f3 Ne8 14. Bxe7 Qxe7
15. Rac1 Qc7 16. Kh1 Rd8 17. Nd5 Bxd5 18. exd5 f5 19. c4 Nf6 20. Qc2 g6 21. Nd2
Rc8 22. Qd3 a5 23. b3 Qc5 24. Nf1 1/2-1/2

[Event "Nova Scotia Closed"]
[Site "Halifax CAN"]
[Date "2018.07.07"]
[Round "3"]
[White "Gonzalez Cueto, Jose"]
[Black "Felix, Chris"]
[Result "1/2-1/2"]
[WhiteElo "2059"]
[BlackElo "2047"]
[PlyCount "118"]
[EventDate "2018.07.07"]
[EventType "tourn"]
[EventRounds "5"]
[EventCountry "CAN"]

1. d4 Nf6 2. Nf3 b6 3. e3 c5 4. Bd3 g6 5. Nbd2 Bb7 6. O-O Bg7 7. c3 O-O 8. e4
cxd4 9. Nxd4 Nc6 10. Qe2 Qc7 11. N2b3 a6 12. Bg5 Nh5 13. Qd2 Ne5 14. Be2 Bxe4
15. Bxh5 gxh5 16. f3 Nc4 17. Qf2 f6 18. Bc1 Bg6 19. Nd2 Ne5 20. Ne4 Nd3 21. Qe3
Nxc1 22. Raxc1 e5 23. Nc2 d5 24. Nf2 Qc5 25. Qd2 Rfd8 26. Kh1 Rac8 27. Nb4 a5
28. Nbd3 Qb5 29. Rcd1 Qc4 30. Nc1 Bf8 31. Nfd3 d4 32. cxd4 Rxd4 33. Qe3 Rcd8
34. Nf2 Rxd1 35. Rxd1 Rxd1+ 36. Nxd1 Bc2 37. Qe1 Bh6 38. Ne3 Qc5 39. Nf1 Qb5
40. b3 a4 41. Ng3 axb3 42. axb3 h4 43. Ne4 Bxe4 44. fxe4 Bxc1 45. Qxc1 Qxb3 46.
Qc8+ Kf7 47. Qd7+ Kf8 48. Qd8+ Kg7 49. Qe7+ Qf7 50. Qb4 Qa7 51. h3 Qa1+ 52. Kh2
Qd4 53. Qe7+ Kg6 54. Qe8+ Kg5 55. Qg8+ Kf4 56. Qxh7 Ke3 57. Qxh4 Qxe4 58. Qg3+
Kd4 59. Qf2+ Kd5 1/2-1/2

[Event "Nova Scotia Closed"]
[Site "Halifax CAN"]
[Date "2018.07.08"]
[Round "4"]
[White "Abela, Paul"]
[Black "Charlton, Glenn"]
[Result "0-1"]
[WhiteElo "1876"]
[BlackElo "2050"]
[PlyCount "64"]
[EventDate "2018.07.07"]
[EventType "tourn"]
[EventRounds "5"]
[EventCountry "CAN"]

1. e4 c5 2. Nf3 g6 3. d4 cxd4 4. Nxd4 Bg7 5. Nc3 Nc6 6. Be3 Nf6 7. Bc4 Qa5 8.
O-O O-O 9. Bb3 d6 10. h3 Bd7 11. Re1 Nxd4 12. Bxd4 Bc6 13. Qd3 Nd7 14. Nd5 Rfe8
15. Bxg7 Kxg7 16. Qc3+ Qxc3 17. Nxc3 Rac8 18. Rad1 b5 19. f4 Red8 20. Rd2 Nc5
21. Nd5 Kf8 22. Rde2 e6 23. Nf6 Kg7 24. Ng4 a5 25. c3 Nd3 26. Rf1 h5 27. Bc2
Nxb2 28. Ne3 Bb7 29. f5 Rxc3 30. fxe6 fxe6 31. Bb3 Nc4 32. Bxc4 bxc4 0-1

[Event "Nova Scotia Closed"]
[Site "Halifax CAN"]
[Date "2018.07.08"]
[Round "4"]
[White "Gonzalez Cueto, Jose"]
[Black "Giacomin, Gordon"]
[Result "1/2-1/2"]
[WhiteElo "2059"]
[BlackElo "1943"]
[PlyCount "79"]
[EventDate "2018.07.07"]
[EventType "tourn"]
[EventRounds "5"]
[EventCountry "CAN"]

1. d4 Nf6 2. Nf3 e6 3. e3 b6 4. Bd3 Bb7 5. Nbd2 Be7 6. O-O d6 7. Re1 Nbd7 8. e4
e5 9. c3 O-O 10. Nf1 Re8 11. Ng3 g6 12. Qb3 d5 13. dxe5 Nc5 14. Qc2 Nxd3 15.
Qxd3 Nxe4 16. Qe2 Bc5 17. Be3 Qe7 18. Qc2 Rad8 19. Rad1 Bxe3 20. Rxe3 Nxg3 21.
hxg3 c5 22. Re2 Bc8 23. Qd2 Bg4 24. Qh6 Qf8 25. Qf4 Bxf3 26. gxf3 Qe7 27. Kg2
f6 28. exf6 Qxe2 29. f7+ Kg7 30. fxe8=Q Qxe8 31. Qc7+ Rd7 32. Qc6 Qf7 33. a3
Qf5 34. g4 Qf7 35. b4 cxb4 36. cxb4 d4 37. Qe4 Qd5 38. Rd3 Kf6 39. Qf4+ Kg7 40.
Qe4 1/2-1/2

[Event "Nova Scotia Closed"]
[Site "Halifax CAN"]
[Date "2018.07.08"]
[Round "4"]
[White "McKay, Brian"]
[Black "Felix, Chris"]
[Result "1/2-1/2"]
[WhiteElo "1936"]
[BlackElo "2047"]
[PlyCount "57"]
[EventDate "2018.07.07"]
[EventType "tourn"]
[EventRounds "5"]
[EventCountry "CAN"]

1. e4 c5 2. Nf3 d6 3. Bc4 e6 4. O-O Nf6 5. d3 a6 6. a4 g6 7. Bg5 Bg7 8. Nbd2
O-O 9. Re1 Nc6 10. c3 Qc7 11. h3 Nd7 12. Nf1 Nde5 13. Ba2 b5 14. Nxe5 Bxe5 15.
f4 Bg7 16. axb5 axb5 17. f5 h6 18. Be3 Bd7 19. fxe6 Bxe6 20. Bxe6 fxe6 21. Qb3
Qd7 22. Rxa8 Rxa8 23. Qxb5 Rb8 24. Qa4 Rxb2 25. d4 Qb7 26. Rc1 Ne7 27. Nd2 cxd4
28. cxd4 Rb4 29. Rc7 1/2-1/2

[Event "Nova Scotia Closed"]
[Site "Halifax CAN"]
[Date "2018.07.08"]
[Round "5"]
[White "Felix, Chris"]
[Black "Abela, Paul"]
[Result "1-0"]
[WhiteElo "2047"]
[BlackElo "1876"]
[PlyCount "57"]
[EventDate "2018.07.07"]
[EventType "tourn"]
[EventRounds "5"]
[EventCountry "CAN"]

1. e4 c5 2. Nf3 d6 3. Bb5+ Bd7 4. Bxd7+ Qxd7 5. c4 Nc6 6. d4 cxd4 7. Nxd4 Nf6
8. Nc3 g6 9. O-O Bg7 10. Re1 O-O 11. f3 Rac8 12. Be3 Ne5 13. b3 Rfd8 14. Rc1 a6
15. Nde2 Qc7 16. Nf4 e6 17. Qe2 h6 18. Red1 Qa5 19. Na4 Rc6 20. Nd3 Nxd3 21.
Rxd3 b5 22. cxb5 Rxc1+ 23. Bxc1 axb5 24. Bd2 Qa6 25. Nc3 b4 26. Na4 Nd7 27.
Bxb4 Bd4+ 28. Kf1 Re8 29. Rxd4 1-0

[Event "Nova Scotia Closed"]
[Site "Halifax CAN"]
[Date "2018.07.08"]
[Round "5"]
[White "Giacomin, Gordon"]
[Black "Charlton, Glenn"]
[Result "1-0"]
[WhiteElo "1943"]
[BlackElo "2050"]
[PlyCount "81"]
[EventDate "2018.07.07"]
[EventType "tourn"]
[EventRounds "5"]
[EventCountry "CAN"]

1. e4 c5 2. Nf3 g6 3. d4 cxd4 4. Nxd4 Bg7 5. c4 Nc6 6. Be3 Nf6 7. Nc3 d6 8. Be2
O-O 9. O-O Bd7 10. h3 Nxd4 11. Bxd4 Bc6 12. Qc2 Nd7 13. Bxg7 Kxg7 14. Rad1 Qa5
15. Rfe1 Rac8 16. Bg4 Rce8 17. Bxd7 Bxd7 18. e5 Bf5 19. Qe2 dxe5 20. Qxe5+ Qxe5
21. Rxe5 Bc8 22. Red5 e6 23. Rd6 Re7 24. b3 a6 25. f3 f6 26. Kf2 Rff7 27. Ke3
Rd7 28. Na4 e5 29. c5 Rc7 30. b4 Rfe7 31. Nb6 Be6 32. Nd5 Bxd5 33. R6xd5 Kf7
34. a4 f5 35. b5 axb5 36. axb5 h5 37. Rc1 Ke6 38. Rd6+ Kf7 39. b6 Rc8 40. c6
bxc6 41. Rdxc6 1-0

[Event "Nova Scotia Closed"]
[Site "Halifax CAN"]
[Date "2018.07.08"]
[Round "5"]
[White "Gonzalez Cueto, Jose"]
[Black "McKay, Brian"]
[Result "1-0"]
[WhiteElo "2059"]
[BlackElo "1936"]
[PlyCount "123"]
[EventDate "2018.07.07"]
[EventType "tourn"]
[EventRounds "5"]
[EventCountry "CAN"]

1. d4 Nf6 2. Nf3 g6 3. g3 d6 4. Bg2 Bg7 5. O-O Nbd7 6. Nbd2 O-O 7. b3 c5 8. Bb2
Rb8 9. e4 cxd4 10. Nxd4 a6 11. Re1 Qc7 12. Rc1 b5 13. Qe2 Bb7 14. c4 b4 15. Nf1
Qb6 16. Rcd1 Ne5 17. Kh1 Neg4 18. f3 Ne5 19. Ne3 e6 20. Ndc2 Ned7 21. Ba1 Rfd8
22. Qd2 Ne5 23. Bxe5 dxe5 24. Qxb4 Qc7 25. Qc3 Nh5 26. b4 f5 27. c5 Rxd1 28.
Rxd1 Rd8 29. Rb1 Nf4 30. gxf4 exf4 31. Qc4 fxe3 32. Qxe6+ Kh8 33. Nxe3 fxe4 34.
fxe4 Qf4 35. Nd5 Bxd5 36. exd5 Be5 37. Qh3 g5 38. a3 g4 39. Qh4 Rg8 40. Rf1 Qd4
41. d6 Qd3 42. Qe7 Bb2 43. Re1 Bc3 44. Be4 Qh3 45. Bg2 Qh5 46. Rf1 Be5 47. h4
gxh3 48. Be4 Bg7 49. d7 Qe2 50. Rg1 h2 51. Rxg7 Qd1+ 52. Kxh2 Qh5+ 53. Kg3
Rxg7+ 54. Qxg7+ Kxg7 55. d8=Q Qe5+ 56. Kf3 Qc3+ 57. Kf4 Qc1+ 58. Ke5 Qc3+ 59.
Kd6 Qd4+ 60. Bd5 Qf4+ 61. Kc6 Qh6+ 62. Kb7 1-0

[Event "Oakville Winter op"]
[Site "Oakville CAN"]
[Date "2018.02.02"]
[Round "1.1"]
[White "Liang, Hairan"]
[Black "Sambuev, Bator"]
[Result "1-0"]
[WhiteElo "2268"]
[BlackElo "2624"]
[PlyCount "73"]
[EventDate "2018.02.02"]
[EventType "swiss"]
[EventRounds "5"]
[EventCountry "CAN"]

1. e4 e6 2. d4 d5 3. Nd2 Nf6 4. e5 Nfd7 5. c3 c5 6. Bd3 Nc6 7. Ne2 Be7 8. Nf3
c4 9. Bc2 b5 10. h4 Nb6 11. Bg5 h6 12. Bxe7 Qxe7 13. Ng3 g6 14. h5 g5 15. Nh2
b4 16. Ng4 a5 17. O-O a4 18. a3 bxc3 19. bxc3 Kd8 20. f4 gxf4 21. Rxf4 Qg5 22.
Rxf7 Ra7 23. Rxa7 Nxa7 24. Qf3 Kc7 25. Rb1 Bd7 26. Nf6 Bc6 27. Ne2 Qd2 28. Bg6
Nb5 29. Nf4 Nxc3 30. Nxe6+ Kb7 31. Ne4 Nxe4 32. Qf7+ Ka6 33. Bxe4 Nd7 34. Bxd5
Rb8 35. Rxb8 Bxd5 36. Nc7+ Ka7 37. Nxd5 1-0

[Event "Oakville Winter op"]
[Site "Oakville CAN"]
[Date "2018.02.02"]
[Round "1.2"]
[White "Gerzhoy, Leonid"]
[Black "Buscar, Michael"]
[Result "1-0"]
[WhiteElo "2560"]
[BlackElo "2210"]
[PlyCount "67"]
[EventDate "2018.02.02"]
[EventType "swiss"]
[EventRounds "5"]
[EventCountry "CAN"]

1. d4 Nf6 2. Nf3 g6 3. c4 Bg7 4. Nc3 d6 5. e4 O-O 6. Be2 e5 7. O-O Nc6 8. d5
Ne7 9. b4 Ne8 10. c5 f5 11. Nd2 Nf6 12. f3 f4 13. Nc4 g5 14. a4 h5 15. Ba3 Ne8
16. b5 dxc5 17. Bxc5 Nd6 18. a5 Ng6 19. b6 axb6 20. axb6 Rxa1 21. Qxa1 g4 22.
bxc7 Qh4 23. Nxd6 g3 24. h3 Bxh3 25. gxh3 Qxh3 26. Rf2 gxf2+ 27. Bxf2 Nh4 28.
Bxh4 Qxh4 29. Nf5 Rxf5 30. exf5 e4 31. c8=Q+ Kh7 32. Nxe4 Bxa1 33. Qxb7+ Bg7
34. f6 1-0

[Event "Oakville Winter op"]
[Site "Oakville CAN"]
[Date "2018.02.03"]
[Round "3.2"]
[White "Gerzhoy, Leonid"]
[Black "Khanna, Ravi"]
[Result "1-0"]
[WhiteElo "2560"]
[BlackElo "2043"]
[PlyCount "76"]
[EventDate "2018.02.02"]
[EventType "swiss"]
[EventRounds "5"]
[EventCountry "CAN"]

1. d4 Nf6 2. Nf3 e6 3. e3 Nc6 4. b3 Bb4+ 5. c3 Be7 6. Bd3 d6 7. O-O e5 8. Nbd2
Bg4 9. Qc2 Bh5 10. dxe5 Nxe5 11. Nxe5 dxe5 12. Ne4 Nxe4 13. Bxe4 c6 14. c4 Qc7
15. Bb2 O-O-O 16. Bxc6 Qxc6 17. Qf5+ Qe6 18. Qxh5 f6 19. Rad1 g6 20. Qe2 e4 21.
Rxd8+ Rxd8 22. Rd1 f5 23. Rxd8+ Bxd8 24. Qd2 h5 25. Qd4 Bc7 26. Qh8+ Kd7 27.
Bd4 f4 28. exf4 Qg4 29. Qg7+ Kc8 30. h3 Qd1+ 31. Kh2 Bxf4+ 32. g3 Bd6 33. Be3
Qf3 34. Qxg6 Kd7 35. c5 Be5 36. b4 a6 37. a4 Qd1 38. Qxe4 Qg4 1-0

[Event "Oakville Winter op"]
[Site "Oakville CAN"]
[Date "2018.02.04"]
[Round "4.1"]
[White "Cormier, Adam"]
[Black "Gerzhoy, Leonid"]
[Result "1/2-1/2"]
[WhiteElo "2128"]
[BlackElo "2560"]
[PlyCount "47"]
[EventDate "2018.02.02"]
[EventType "swiss"]
[EventRounds "5"]
[EventCountry "CAN"]

1. d4 d5 2. c4 e6 3. Nf3 c6 4. Nbd2 f5 5. g3 Nf6 6. Bg2 Bd6 7. b3 O-O 8. Bb2 b6
9. O-O Bb7 10. Rc1 Qe7 11. Ne5 a5 12. f3 Na6 13. e4 fxe4 14. fxe4 c5 15. cxd5
exd5 16. exd5 cxd4 17. Nc6 Bxc6 18. dxc6 Rad8 19. Re1 Qf7 20. Qe2 d3 21. Qe6
Qxe6 22. Rxe6 Bc5+ 23. Kh1 Nc7 24. Bxf6 1/2-1/2

[Event "Oakville Winter op"]
[Site "Oakville CAN"]
[Date "2018.02.04"]
[Round "5.1"]
[White "Cormier, Adam"]
[Black "Chen, Richard"]
[Result "1/2-1/2"]
[WhiteElo "2128"]
[BlackElo "2326"]
[PlyCount "30"]
[EventDate "2018.02.02"]
[EventType "swiss"]
[EventRounds "5"]
[EventCountry "CAN"]

1. d4 d5 2. c4 e6 3. Nf3 Nf6 4. g3 Bb4+ 5. Nbd2 dxc4 6. Bg2 b5 7. a4 c6 8. axb5
cxb5 9. Ne5 Nd5 10. O-O Bb7 11. Ndxc4 f6 12. e4 Ne7 13. Qh5+ g6 14. Nxg6 Nxg6
15. Qxb5+ Nc6 1/2-1/2

[Event "Oakville op U2100"]
[Site "Oakville CAN"]
[Date "2018.02.03"]
[Round "2"]
[White "Shah, Omar"]
[Black "Gaisinsky, Adam"]
[Result "0-1"]
[WhiteElo "1810"]
[BlackElo "2090"]
[PlyCount "84"]
[EventDate "2018.02.03"]
[EventType "swiss"]
[EventRounds "5"]
[EventCountry "CAN"]

1. c4 Nf6 2. Nc3 e6 3. e3 b6 4. Nf3 Bb7 5. b3 Be7 6. Bb2 O-O 7. Qc2 d5 8. Bd3
c5 9. Ng5 h6 10. h4 Nc6 11. a3 d4 12. Nce4 Nxe4 13. Bxe4 Bxg5 14. hxg5 Qxg5 15.
O-O-O e5 16. f4 exf4 17. exf4 Qxf4 18. Rdf1 Qd6 19. g4 Nd8 20. Bxb7 Nxb7 21. g5
Qg6 22. Qd1 hxg5 23. Qf3 Nd6 24. Qh3 f5 25. Qg2 Rae8 26. Rh2 Re5 27. Rfh1 Rfe8
28. Rh8+ Kf7 29. Rxe8 Rxe8 30. Qd5+ Qe6 31. Qg2 g4 32. Qh2 Qg6 33. Kb1 g3 34.
Qh3 f4+ 35. Ka2 f3 36. Rf1 f2 37. Qg2 Nf5 38. Qd5+ Kf8 39. Rh1 Nh6 40. Qg2 Re1
41. Qa8+ Qe8 42. Qf3+ Kg8 0-1

[Event "Oakville op U2100"]
[Site "Oakville CAN"]
[Date "2018.02.03"]
[Round "3"]
[White "Chakkoli, Shiva"]
[Black "Shah, Omar"]
[Result "0-1"]
[WhiteElo "1942"]
[BlackElo "1810"]
[PlyCount "102"]
[EventDate "2018.02.03"]
[EventType "swiss"]
[EventRounds "5"]
[EventCountry "CAN"]

1. e4 c5 2. f4 e6 3. Nf3 g6 4. c3 Bg7 5. e5 a6 6. a4 b6 7. d4 Bb7 8. Be2 cxd4
9. cxd4 Ne7 10. Na3 O-O 11. Nc4 Nc8 12. O-O Nc6 13. Qb3 N6e7 14. Ne3 Nd5 15. g3
Nce7 16. Nc4 Nc8 17. Bd2 d6 18. Rad1 Qd7 19. Ng5 f5 20. Bf3 dxe5 21. Nxe5 Bxe5
22. fxe5 Nce7 23. a5 b5 24. Bb4 Rac8 25. Nxe6 Qxe6 26. Bxe7 Rf7 27. Bd6 Rc4 28.
Rf2 f4 29. Qd3 fxg3 30. hxg3 Kg7 31. Rdf1 Rd7 32. Bg2 Qg4 33. Rd2 Qg5 34. Qf3
Qe3+ 35. Qxe3 Nxe3 36. d5 Nxf1 37. Kxf1 Rf7+ 38. Ke2 Rf5 39. e6 Rc8 40. Be4 Rh5
41. e7 Kf7 42. Ke3 Ke8 43. Rf2 Kd7 44. Rf8 Re8 45. Rxe8 Kxe8 46. Kd4 Rh2 47. b4
Re2 48. Bf3 Rc2 49. g4 Bc8 50. g5 Rc1 51. Ke4 Bf5+ 0-1

[Event "Olympiade"]
[Site "Quebec CAN"]
[Date "2018.11.14"]
[Round "1"]
[White "Beauchesne, Jonathan"]
[Black "Pouliot, Lewis"]
[Result "1-0"]
[WhiteElo "1812"]
[BlackElo "1459"]
[PlyCount "87"]
[EventDate "2018.11.14"]
[EventType "team"]
[EventRounds "5"]
[EventCountry "CAN"]

1. e4 g6 2. g3 d6 3. Bg2 Bg7 4. Ne2 c6 5. O-O Bg4 6. h3 Bxe2 7. Qxe2 e6 8. c3
c5 9. Na3 Nc6 10. f4 Nge7 11. f5 gxf5 12. exf5 Be5 13. fxe6 fxe6 14. g4 d5 15.
d3 a6 16. Kh1 Ng6 17. Qf2 Qe7 18. Be3 b6 19. d4 Rf8 20. Qg1 cxd4 21. cxd4 Bd6
22. Nc4 Rxf1 23. Rxf1 Bc7 24. Rc1 Kd7 25. a3 Nh4 26. Nd2 Nxg2 27. Qxg2 Rf8 28.
Nf3 Bf4 29. Bxf4 Rxf4 30. Qg3 Qf6 31. Rf1 Nxd4 32. Ne5+ Qxe5 33. Qxf4 Qe4+ 34.
Qxe4 dxe4 35. Re1 Kd6 36. Rxe4 Kd5 37. Rf4 e5 38. Rf7 e4 39. Kg2 e3 40. Rxh7
Ke4 41. Kf1 Kd3 42. Rd7 e2+ 43. Ke1 Ke3 44. Rxd4 1-0